000 00586nam a2200229 i 4500
001 bgj
100 1 _aWELLS, Herbert George
_d(1866-1946).
245 1 0 _aThe Invisible Man /
_cH. G. Wells.
250 _a[5th print.].
260 _aNew York [etc.] :
_bScholastic Book Services,
_c1970.
300 _a220 pp ;
_c17 cm.
650 9 _aScientists
650 9 _aMentally ill
650 9 _aPsychological fiction
650 9 _aScience fiction
655 _aFiction
020 _apbk
040 _cBPK
041 0 _aeng
942 _cKS
008 s uk f |000 0 eng
999 _c48054
_d48054
856 _uhttp://koha.tu.koszalin.pl/cgi-bin/koha/opac-detail.pl?biblionumber=48054
_yKatalog online BPK